| 000 | 00707nas a2200241 4500 | ||
|---|---|---|---|
| 001 | BR2015005243 | ||
| 003 | BR-BrBNA | ||
| 005 | 20231205125744.0 | ||
| 007 | ta | ||
| 008 | 230509b bl.|||p| |||| 00| 00por d | ||
| 040 |
_aBR-BrBNA _bpor _cBiblioteca Nacional de Agricultura |
||
| 041 | _a(Pt) | ||
| 072 | _aQ60; P06 | ||
| 100 | 1 | _aCollares, D. | |
| 245 | 1 | _aNovos catalisadores para a produção do biodiesel | |
| 650 | _aPESQUISA AGRICOLA | ||
| 650 | _aBIOCOMBUSTIVEL | ||
| 650 | _aPRODUCAO | ||
| 650 | _aCATALISADOR | ||
| 773 | 0 |
_tAgroenergia em revista (Brazil) _xISSN 2238-1023 _g(Dec 2012), v. 3(5) p. 26-27 _wBR2015005243 |
|
| 909 |
_a202311 _bLúcia _c55 _dLúcia Elande |
||
| 942 |
_2AGRIS _n0 _cANA |
||
| 999 |
_c245956 _d245956 |
||